[Event "JUG-chT"]
[Site "Igalo"]
[Date "1994.??.??"]
[Round "?"]
[White "Radonjanin, Vlastimir"]
[Black "Micic, Cedomir"]
[Result "0-1"]
[WhiteElo "2350"]
[BlackElo "2325"]

1.Nf3 d5 2.c4 e6 3.b3 Nf6 4.g3 c5 5.cxd5 exd5 6.Bg2 Nc6 7.O-O Be7 8.Bb2 O-O
9.d4 Bg4 10.dxc5 Bxc5 11.Nc3 Re8 12.Na4 Bf8 13.Rc1 Rc8 14.Rc2 Ne4 15.Nd4 Nxd4
16.Bxd4 Bf5 17.Rxc8 Qxc8 18.Bxa7 b5 19.Nb6 Qa6 20.Qxd5 g6 21.g4 Bxg4 22.Bxe4 Qxa7
23.Qb7 Qxb7 24.Bxb7 Rb8 25.Nd5 Bh3 26.Bc6 Bxf1 27.Kxf1 b4 28.Ne3 Rc8 29.Bd5 Rc1+
30.Kg2 Ra1 31.Ng4 Bg7 32.Ne3 Rxa2 33.Bc4 Bc3 34.Nd5 Kg7 35.Kf3 f5 36.h4 Ra1
37.h5 g5 38.Bd3 Ra5 39.Ne7 Kf6 40.Ng8+ Ke5 41.h6 Ra7 42.Kg3 Rc7 43.e3 Ke6  0-1

[Event "JUG-chT"]
[Site "Igalo"]
[Date "1994.??.??"]
[Round "?"]
[White "Radonjanin, Vlastimir"]
[Black "Savicevic, Vlatko"]
[Result "0-1"]
[WhiteElo "2350"]
[BlackElo "2265"]

1.Nf3 d5 2.c4 e6 3.b3 Be7 4.Bb2 Bf6 5.Nc3 Ne7 6.d4 c5 7.cxd5 exd5 8.dxc5 Qa5
9.Rc1 Nbc6 10.Qd2 Bg4 11.Na4 Qxd2+ 12.Nxd2 d4 13.h3 Be6 14.Nc4 O-O 15.g4 Bg5
16.Nd2 f5 17.h4 Bxd2+ 18.Kxd2 fxg4 19.Rh2 Rad8 20.Ba3 Rf6 21.Nb2 Rdf8 22.Nd3 g3
23.Rg2 gxf2 24.Bb2 Nd5 25.b4 Ne3 26.Rh2 a6 27.a4 Ng4 28.Rg2 h5 29.b5 Na5
30.Bxd4 Nb3+ 31.Kc3 Nxc1 32.Nxc1 Rf5 33.Nd3 axb5 34.axb5 Bd5 35.Rg3 R8f7
36.e3 Nh2 37.Bh3 f1=Q 38.Bxf1 Nxf1 39.Rg1 Nh2 40.Ne5 Re7 41.Ng6 Rd7 42.Bxg7 Rf1
43.Rg5 Rxg7 44.Ne7+ Kf7 45.Rxg7+ Kxg7 46.Nxd5 Rc1+ 47.Kb4 Ng4 48.Nf4 Nxe3
49.Nxh5+ Kf7 50.b6 Nd5+ 51.Kb5 Rc3  0-1

[Event "JUG-chT"]
[Site "Igalo"]
[Date "1994.??.??"]
[Round "?"]
[White "Shumiakina, Tatiana"]
[Black "Stoisavljevic, Sava"]
[Result "1-0"]
[WhiteElo "2330"]
[BlackElo "2130"]

1.Nf3 d5 2.c4 e6 3.g3 Nf6 4.Bg2 c6 5.d4 Nbd7 6.Qc2 Bd6 7.O-O O-O 8.Nc3 Qe7
9.Rd1 h6 10.b3 b6 11.Nd2 Bb7 12.e4 dxe4 13.Ndxe4 Nxe4 14.Nxe4 Nf6 15.Nxd6 Qxd6
16.a4 Qc7 17.Bf4 Qc8 18.Be5 Nd7 19.Bd6 Re8 20.Qe4 f5 21.Qf3 Nf6 22.Be5 Ne4
23.c5 Ng5 24.Qe3 Nf7 25.Rac1 Nxe5 26.dxe5 Qc7 27.Rd6 b5 28.axb5 cxb5 29.Bxb7 Qxb7
30.c6 Qc7 31.Rd7 Qb6 32.Qe2 Rac8 33.c7 a5 34.Qh5 Kh7 35.Qf7 Rg8 36.Rd6  1-0

[Event "JUG-chT"]
[Site "Igalo"]
[Date "1994.??.??"]
[Round "?"]
[White "Voiska, Margarita"]
[Black "Stoisavljevic, Sava"]
[Result "1-0"]
[WhiteElo "2350"]
[BlackElo "2130"]

1.Nf3 d5 2.c4 c6 3.b3 Bf5 4.Bb2 e6 5.e3 Nd7 6.cxd5 exd5 7.Be2 h6 8.O-O Ngf6
9.Nc3 Bd6 10.Nd4 Bh7 11.f4 a6 12.Bg4 Qc7 13.Nf5 O-O 14.Qf3 Bxf5 15.Bxf5 Nc5
16.Ne2 Qe7 17.Ng3 Nce4 18.Bxe4 dxe4 19.Qe2 Rfe8 20.Rac1 Qe6 21.Rc4 Bc7 22.Rfc1 Rad8
23.Bxf6 Qxf6 24.Nxe4 Qb2 25.R4c2 Qa3 26.Qf3 Ba5 27.Rd1 Rd5 28.d4 Qe7 29.Nc3 Rd7
30.Rd3 f5 31.Na4 Bb4 32.Nb2 Qe6 33.Nc4 Rde7 34.Ne5 Bd6 35.Rf2 c5 36.d5 Qf6
37.Nc4 Re4 38.Rc2 Qe7 39.Nd2 Rxe3 40.Rxe3 Qxe3+ 41.Qxe3 Rxe3 42.Nc4 Bxf4
43.Nxe3 Bxe3+ 44.Kf1 Kf7 45.b4 b6 46.bxc5 bxc5 47.Ke2 Bd4 48.Kd3 Ke7 49.Re2+ Kd6
50.Kc4 a5 51.Re6+ Kc7 52.Ra6  1-0

[Event "JUG-chT"]
[Site "Igalo"]
[Date "1994.??.??"]
[Round "?"]
[White "Vukanovic, Sasa"]
[Black "Kosic, Dragan"]
[Result "1/2-1/2"]
[WhiteElo "2335"]
[BlackElo "2525"]

1.Nf3 d5 2.c4 e6 3.g3 c5 4.Bg2 Nf6 5.O-O Be7 6.b3 O-O 7.Bb2 Nc6 8.e3 d4 9.exd4 cxd4
10.Re1 Ne8 11.d3 f6 12.Ba3 Nc7 13.Bxe7 Qxe7 14.a3 a5 15.Nbd2 e5 16.Qc2 Na6
17.Ne4 f5 18.Ned2 Qd6 19.c5 Qxc5 20.Qxc5 Nxc5  1/2-1/2

[Event "JUG-chT"]
[Site "Igalo"]
[Date "1994.??.??"]
[Round "?"]
[White "Vukanovic, Sasa"]
[Black "Mikhalchishin, Adrian"]
[Result "1-0"]
[WhiteElo "2335"]
[BlackElo "2510"]

1.Nf3 d5 2.c4 dxc4 3.Qa4+ Nc6 4.g3 Nf6 5.Bg2 Nd7 6.Qxc4 e5 7.O-O Nb6 8.Qc2 Be7
9.d3 O-O 10.Nbd2 Be6 11.b3 f6 12.Bb2 Nb4 13.Qb1 c5 14.Rd1 a5 15.a3 Nc6 16.e3 a4
17.d4 axb3 18.dxc5 Nd7 19.Bc3 Bxc5 20.Nxb3 Bxa3 21.Na5 Nxa5 22.Rxa3 Nc4 23.Rxa8 Qxa8
24.Nh4 Qa4 25.Bb4 Rc8 26.Be4 Nf8 27.Rc1 b5 28.Bxf8 Kxf8 29.Bxh7 Rd8 30.Bc2 Qa5
31.Bf5 Bxf5 32.Qxf5 Qd2 33.Ra1 Qd7 34.Qh5 Kg8 35.Nf5 b4 36.Qg4 Nd2 37.Ra8 g5
38.Rxd8+ Qxd8 39.Qxb4 Nf3+ 40.Kg2 Qa8 41.e4 g4 42.h4 Nd4 43.Nd6 f5 44.Qc4+ Kh8
45.Qf7 Qa3 46.Qh5+  1-0

[Event "JUG-chT"]
[Site "Igalo"]
[Date "1994.??.??"]
[Round "?"]
[White "Vukanovic, Sasa"]
[Black "Piskov, Yury"]
[Result "1/2-1/2"]
[WhiteElo "2335"]
[BlackElo "2510"]

1.Nf3 d5 2.c4 e6 3.g3 c6 4.Qc2 Nf6 5.Bg2 Be7 6.O-O O-O 7.b3 a5 8.Bb2 a4 9.bxa4 Qa5
10.cxd5 cxd5 11.Nc3 Nbd7 12.Nd4 Nb6 13.Nb3 Qa6 14.a5 Nc4 15.e4 Nxb2 16.Qxb2 dxe4
17.Nxe4 Qb5 18.Rab1 Bd7 19.Rfc1 Rfc8 20.d4 Nxe4 21.Bxe4 Bc6 22.Bxc6 Rxc6
23.Rxc6 Qxc6 24.Rc1 Qd5 25.Qc3 h5 26.h4 Ba3 27.Rc2 g6 28.Qc4 Qf3 29.Rc3 Qe4
30.Re3 Qb1+ 31.Kg2 Bd6 32.Qb5 Qf5 33.Qxb7 Qd5+ 34.Qxd5 exd5 35.Rc3 Bb4 36.Rc6 Bxa5
37.Nxa5 Rxa5 38.Rc5 Rxa2 39.Rxd5 Ra3 40.Re5 Rd3 41.Re4 Kg7 42.Kf1 f5 43.Rf4 Kf6
44.Ke2 Ra3 45.Rf3 Ra2+ 46.Ke3 Ra4 47.Rf4 Ke6 48.Kd2 Ra2+ 49.Kd3 Kd5 50.Rf3 Ra4
51.Ke3 Rxd4 52.Rf4 Re4+ 53.Rxe4 fxe4 54.Kf4 Kd4 55.g4 hxg4 56.Kxg4 Kd3 57.Kf4 Ke2  1/2-1/2

[Event "Ikaros op"]
[Site "Ikaros"]
[Date "1994.??.??"]
[Round "?"]
[White "Gogolis, Alexandros"]
[Black "Festas, Georgios"]
[Result "1/2-1/2"]
[WhiteElo "2330"]
[BlackElo "2080"]

1.Nf3 d5 2.c4 c6 3.b3 Bf5 4.Bb2 e6 5.d3 Nf6 6.Nbd2 Be7 7.g3 O-O 8.Bg2 h6
9.O-O Nbd7 10.Rc1 a5 11.a3 Qb6 12.Rc2 Rfd8 13.Qa1 Ne8 14.Rfc1 Bf6 15.Bd4 Bxd4
16.Nxd4 Bg6 17.cxd5 exd5 18.N4f3 Nef6 19.Qd4 Qxd4 20.Nxd4 Re8 21.N2f3 Bh7
22.Bh3 g5 23.Nf5 Bxf5 24.Bxf5 Nf8 25.d4 Ne6 26.e3 Ng7 27.Bd3 Ne4 28.Nd2 Nxd2
29.Rxd2 Re7 30.b4 axb4 31.axb4 Ne8 32.b5 cxb5 33.Bxb5 Rc7 34.Rb1 Nd6 35.Rdb2 Kf8
36.Be2 Ke7 37.Bf3 Ra5 38.Kg2 Kd7 39.Rb6 Rc6 40.R6b4 Rc7 41.g4 Rc3 42.R1b2 Rc1
43.h4 Kc7 44.h5 Rc3 45.Rb6 Rc6 46.R6b3 Rc1  1/2-1/2

[Event "IND-ch"]
[Site "?"]
[Date "1994.??.??"]
[Round "17"]
[White "Hegde, Ravi Gopal"]
[Black "Ravi, Thandalam Shanmugam"]
[Result "1-0"]
[WhiteElo "2380"]
[BlackElo "2340"]

1.Nf3 d5 2.c4 c6 3.d4 Nf6 4.Nc3 a6 5.g3 dxc4 6.a4 Nd5 7.Bg2 Nxc3 8.bxc3 b5
9.O-O Bb7 10.Ne5 e6 11.e4 Nd7 12.f4 Bd6 13.Nxf7 Kxf7 14.e5 Be7 15.f5 exf5
16.Rxf5+ Ke8 17.Bh6 Rf8 18.Qg4 Rxf5 19.Qxf5 gxh6 20.Qh5+ Kf8 21.Rf1+ Kg8
22.Be4 Nf6 23.exf6 Bxf6 24.Qxh6 Bxd4+ 25.Kg2 Qe7 26.Bxh7+ Qxh7 27.Qe6+ Kh8
28.cxd4 c5+ 29.d5 Rg8 30.Rf5 Qg6 31.Qe5+ Rg7 32.Rh5+ Qxh5 33.Qxh5+ Kg8 34.axb5 axb5
35.Kf3 c3 36.Qe8+ Kh7 37.Qxb5 Rf7+ 38.Ke4 Re7+ 39.Kf4 Bxd5 40.Qd3+ Be4 41.Qxc3 Bg6
42.Qxc5 Rf7+ 43.Kg5 Bd3 44.g4 Rg7+ 45.Kh4 Bg6 46.Kg3 Be8 47.h3 Bd7 48.Qc2+ Kh8  1-0

[Event "Isle of Man op"]
[Site "Isle of Man"]
[Date "1994.??.??"]
[Round "9"]
[White "Pein, Malcolm"]
[Black "Shaw, John"]
[Result "1/2-1/2"]
[WhiteElo "2420"]
[BlackElo "2310"]

1.Nf3 d5 2.c4 dxc4 3.Na3 c5 4.Nxc4 Nc6 5.g3 f6 6.Bg2 e5 7.O-O Be6 8.b3 Nge7
9.Bb2 Nf5 10.Ne1 Be7 11.Nd3 Bd5 12.Bh3 Be6 13.Bg2 Bd5 14.Bh3 Be6 15.f4 Ne3
16.Nxe3 Bxh3 17.Re1 O-O 18.Rc1 b6 19.fxe5 fxe5 20.Bxe5 Nxe5 21.Nxe5 Qc7  1/2-1/2

[Event "Kecskemet"]
[Site "Kecskemet"]
[Date "1994.??.??"]
[Round "?"]
[White "Vadasz, Laszlo"]
[Black "Bjerring, Kai"]
[Result "1/2-1/2"]
[WhiteElo "2365"]
[BlackElo "2395"]

1.Nf3 d5 2.c4 c6 3.cxd5 cxd5 4.d4 Nf6 5.Nc3 Nc6 6.Bf4 Ne4 7.e3 Nxc3 8.bxc3 g6
9.Be2 Bg7 10.O-O O-O 11.c4 dxc4 12.Bxc4 Bf5  1/2-1/2

[Event "Keszthely op"]
[Site "Keszthely"]
[Date "1994.??.??"]
[Round "?"]
[White "Kiss, Laszlo"]
[Black "Kovacs Pinter, Marta"]
[Result "0-1"]
[WhiteElo "2265"]
[BlackElo "2210"]

1.Nf3 d5 2.c4 e6 3.d4 c6 4.Nc3 f5 5.cxd5 exd5 6.Ne5 Bd6 7.f4 Nf6 8.g3 O-O
9.Bg2 Kh8 10.O-O Ne4 11.e3 Nd7 12.Nxe4 dxe4 13.a3 Qe7 14.b4 a5 15.bxa5 Rxa5
16.Bd2 Rxa3 17.Rxa3 Bxa3 18.Nc4 Bb4 19.Bxb4 Qxb4 20.Qc2 Nf6 21.Rb1 Qe7 22.Nb6 Be6
23.h3 Qa3 24.Kf2 Rd8 25.Bf1 Qe7 26.Be2 h6 27.Qb2 Kh7 28.Qc3 Nd5 29.Qa5 Nxb6
30.Qxb6 Rd7 31.Ra1 Qd8 32.Qc5 Bd5 33.Ra7 b5 34.g4 Rxa7 35.Qxa7 Qh4+ 36.Kg2 Qe1  0-1

[Event "Keszthely op"]
[Site "Keszthely"]
[Date "1994.??.??"]
[Round "?"]
[White "Zemerov, Vladimir"]
[Black "Volkmann, Friedrich"]
[Result "1-0"]
[WhiteElo "2415"]
[BlackElo "2315"]

1.Nf3 d5 2.c4 e6 3.d4 Nf6 4.Nc3 c6 5.cxd5 exd5 6.Bg5 Be7 7.Qc2 O-O 8.e3 Ne4
9.Bxe7 Qxe7 10.Bd3 Bf5 11.Ne5 f6 12.Nf3 Bg6 13.h4 h6 14.h5 Bh7 15.Nh4 f5
16.Ne2 Qg5 17.Nf4 Re8 18.Nf3 Qe7 19.Ne5 Nd7 20.Nxd7 Qxd7 21.Kf1 Kh8 22.g3 a5
23.Kg2 a4 24.b4 axb3 25.axb3 Qe7 26.Qb2 Qb4 27.Rxa8 Rxa8 28.Ra1 Ra5 29.Rxa5 Qxa5
30.b4 Qa8 31.b5 Kg8 32.bxc6 bxc6 33.Qb6 Qc8 34.Ba6 Qa8 35.Bb7  1-0

[Event "JUG-ch sf"]
[Site "Kladovo"]
[Date "1994.??.??"]
[Round "?"]
[White "Arsovic, Zoran"]
[Black "Cvetkovic, Srdjan"]
[Result "1/2-1/2"]
[WhiteElo "2325"]
[BlackElo "2470"]

1.Nf3 d5 2.c4 e6 3.g3 Nf6 4.Bg2 Be7 5.O-O O-O 6.d4 dxc4 7.Ne5 Nc6 8.Nxc6 bxc6
9.e3 Nd5 10.Qa4 Nb6 11.Qc2 Rb8 12.Rd1 Qe8 13.Nd2 Ba6 14.b3 c5 15.Bb2 cxd4
16.Bxd4 Bb5 17.Qe4 c5 18.Be5 f5 19.Qc2 Rd8 20.bxc4 Bc6 21.e4 Bf6 22.Bxf6 Rxf6
23.Nb3 Rc8 24.Rd6 Bxe4 25.Bxe4 fxe4 26.Qxe4 Qf7 27.Rad1 Rf8 28.f4 g5 29.Nxc5 gxf4
30.gxf4 Qg6+ 31.Qxg6+ Rxg6+ 32.Kh1 Nxc4 33.Nxe6 Nxd6 34.Rxd6 Re8 35.f5 Rf6
36.Rd5 Rfxe6 37.fxe6 Rxe6  1/2-1/2

[Event "JUG-ch sf"]
[Site "Kladovo"]
[Date "1994.??.??"]
[Round "?"]
[White "Arsovic, Goran"]
[Black "Drasko, Milan"]
[Result "1/2-1/2"]
[WhiteElo "2375"]
[BlackElo "2545"]

1.Nf3 d5 2.c4 dxc4 3.e3 Nf6 4.Bxc4 e6 5.d4 c5 6.O-O a6 7.Bb3 Nc6 8.Qe2 cxd4
9.Rd1 Be7 10.Nxd4 Nxd4 11.exd4 Bd7 12.Nc3 Bc6 13.Bg5 O-O 14.d5  1/2-1/2

[Event "JUG-ch sf"]
[Site "Kladovo"]
[Date "1994.??.??"]
[Round "?"]
[White "Rajkovic, Ljubisa"]
[Black "Savanovic, Aleksandar"]
[Result "1/2-1/2"]
[WhiteElo "2295"]
[BlackElo "2335"]

1.Nf3 d5 2.c4 c6 3.b3 Bg4 4.e3 Nf6 5.Bb2 e6 6.Be2 Be7 7.O-O O-O 8.d3 Nbd7
9.Nbd2 a5 10.a3 Qb6 11.Qc2 Rfc8 12.h3 Bh5 13.Rfb1 Qd8 14.g4 Bg6 15.Nh4 b5
16.Nxg6 hxg6 17.Kg2 a4 18.Qd1 axb3 19.cxb5 cxb5 20.Bxf6 gxf6 21.Rxb3 Qa5
22.Rab1 Rcb8  1/2-1/2

[Event "JUG-ch sf"]
[Site "Kladovo"]
[Date "1994.??.??"]
[Round "?"]
[White "Marinkovic, Ivan"]
[Black "Karaklajic, Nikola"]
[Result "1-0"]
[WhiteElo "2445"]
[BlackElo "2380"]

1.Nf3 d5 2.c4 c6 3.Qa4 e6 4.g3 Nf6 5.Bg2 Nbd7 6.d3 Be7 7.O-O O-O 8.Bf4 h6
9.Qc2 Re8 10.e4 g5 11.Bc1 dxe4 12.dxe4 e5 13.Nc3 Qc7 14.Rb1 Nf8 15.b4 Be6
16.Nd1 Ng6 17.a3 Bf8 18.Bb2 Rad8 19.Ne3 Nh7 20.Rfe1 g4 21.Nd2 Ng5 22.Rbd1 f6
23.c5 Rd7 24.Ndc4 Red8 25.Rxd7 Rxd7 26.Rd1 h5 27.Rxd7 Qxd7 28.Qd2 b5 29.Qxd7 Bxd7
30.Na5 Nh8 31.Kf1 Nhf7 32.Ke2 Be7 33.Bc3 Bd8 34.Nb3 Bc7 35.Nd2 Kh7 36.Nf5 Nh6
37.Nh4 Kg7 38.Nf1 Be6 39.Ne3 Kf7 40.Bd2 Ng8 41.Kd3 Ne7 42.f3 gxf3 43.Nxf3 Nxf3
44.Bxf3 Kg6 45.Ke2 Bd7 46.Bg2 Bd8 47.Bf3 Be8 48.g4 hxg4 49.Bxg4 Kh7 50.Kf3 Ng6
51.Nf5 Bd7 52.Nd6 Bxg4+ 53.Kxg4 Ne7 54.Kh5 Ng8 55.Kg4 Kg6 56.h4 Ne7 57.h5+ Kh7
58.Bc1 a6 59.Bd2 Kg8 60.Bh6 a5 61.Bd2 axb4 62.axb4 Kh7 63.Bc1 Bc7 64.Ne8 f5+
65.exf5 Nd5 66.Nxc7 Nxc7 67.f6 Nd5 68.Kf5 Nxb4 69.f7  1-0

[Event "JUG-ch sf"]
[Site "Kladovo"]
[Date "1994.??.??"]
[Round "?"]
[White "Barlov, Dragan"]
[Black "Simic, Radoslav"]
[Result "1/2-1/2"]
[WhiteElo "2500"]
[BlackElo "2495"]

1.Nf3 d5 2.c4 c6 3.e3 Nf6 4.d4 a6 5.Qc2 g6 6.Bd3 Bg7 7.O-O O-O 8.Nbd2 Nbd7
9.b3 e5 10.dxe5 Ng4 11.Ba3 Re8 12.cxd5 cxd5 13.Bb2 Ndxe5 14.Bd4 Nxd3 15.Qxd3 Bf5
16.Qc3 Rc8 17.Qb4 Qe7 18.Qxe7 Rxe7 19.Bxg7 Kxg7 20.h3 Nf6 21.Rfc1 Rec7 22.Rxc7 Rxc7
23.Nd4 Bd7 24.f3 Ne8 25.Nf1 Nd6 26.Ng3 a5 27.Kf2 Kf6 28.h4 h6 29.Nge2 Nf5
30.Nxf5 Bxf5 31.Nd4 Bd7 32.Ke2 Ke5 33.g4 Rc8 34.Kd3 Rc7 35.Rh1 Kf6 36.Rg1 Ke7
37.Kd2 Rc8 38.Ne2 Kf6 39.g5+ hxg5 40.hxg5+ Ke5 41.Rh1 Kf5 42.f4 Ke6 43.Nd4+ Ke7
44.a3 b6 45.Rh6 Bg4 46.Rh4 Bd7 47.Rh1 Bg4 48.Rc1 Rxc1 49.Kxc1 Kd6 50.Kd2 Kc5
51.Kc3 Bd1 52.b4+ axb4+ 53.axb4+ Kd6 54.Kd3 Ba4 55.Nf3 Ke6 56.Kc3 Bd1 57.Ne5 Be2
58.Kd4 Bb5 59.Ng4 Be2 60.Nf6 Bf3 61.Kc3  1/2-1/2

[Event "Krynica op"]
[Site "Krynica"]
[Date "1994.??.??"]
[Round "?"]
[White "Adamski, Jan"]
[Black "Sosnowska, Elzbieta"]
[Result "1-0"]
[WhiteElo "2415"]
[BlackElo "2155"]

1.Nf3 d5 2.c4 e6 3.g3 Nf6 4.Bg2 dxc4 5.Qa4+ Nbd7 6.Qxc4 c5 7.Qb3 Be7 8.Nc3 O-O
9.O-O a6 10.a4 Rb8 11.d3 Qc7 12.a5 b6 13.axb6 Rxb6 14.Qc2 Bb7 15.Bf4 Bd6
16.Bxd6 Qxd6 17.Nd2 Qb8 18.Bxb7 Qxb7 19.Nc4 Rb4 20.Ra2 Nd5 21.Rfa1 Rxc4 22.dxc4 Nb4
23.Qb3 Rb8 24.Ra5 Qc7 25.Qd1 Rd8 26.Qc1 Qe5 27.Qf4 Qd4 28.Rd1 e5 29.Rxd4 exf4  1-0

[Event "Krynica op"]
[Site "Krynica"]
[Date "1994.??.??"]
[Round "?"]
[White "Adamski, Jan"]
[Black "Bernard, Ryszard"]
[Result "1-0"]
[WhiteElo "2415"]
[BlackElo "2345"]

1.Nf3 d5 2.c4 dxc4 3.Qa4+ c6 4.Qxc4 Nf6 5.g3 Bf5 6.Bg2 Nbd7 7.O-O h6 8.Nc3 e5
9.Nxe5 Be6 10.Qf4 Nxe5 11.Qxe5 Bd6 12.Qd4 Qe7 13.Qa4 h5 14.d4 h4 15.Bg5 hxg3
16.hxg3 Qd7 17.Bxf6 gxf6 18.d5 cxd5 19.Qxd7+ Kxd7 20.Bxd5 Bxd5 21.Nxd5 Ke6
22.Rfd1 Rac8 23.Rd2 f5 24.e3 Rc6 25.Kg2 Be5 26.Rad1 Rhc8 27.Kf3 Rc2 28.Nf4+ Bxf4
29.Kxf4 R8c4+ 30.Kf3 Rc6 31.Ke2 a5 32.Rxc2 Rxc2+ 33.Rd2 Rc8 34.Kd1 Rc5 35.Rd4 Rc6
36.Kd2 b5 37.a3 Rc8 38.Rd3 a4 39.Rd4 Rc5 40.Rf4 Rc8 41.Kd3 Rc5 42.Rd4 Rc1
43.Rb4 Rc5 44.Ke2 Ke5 45.Kf3 Rd5 46.g4 fxg4+ 47.Kxg4 Ke6 48.f3 Rc5 49.e4 f6
50.Kf4 f5 51.Rd4 fxe4 52.Rxe4+ Kf6 53.Rd4 Ke6 54.Kg4 Rc2 55.Rb4 Rc5 56.Kg3 Ke5
57.Rh4 Ke6 58.Rh6+ Kd7 59.f4 b4 60.axb4 Rb5 61.Rh2 Rxb4 62.Re2 Rb8 63.Kg4 Rg8+
64.Kh5 Rf8 65.Kg5 Rg8+ 66.Kh6 Rf8 67.Re4 Rb8 68.Rxa4 Rxb2 69.Kg7 Ke6 70.Ra5 Rf2
71.Re5+ Kd6 72.Rf5 Ke6 73.Rf6+ Ke7 74.f5 Rg2+ 75.Rg6  1-0

[Event "Las Palmas-D"]
[Site "Las Palmas"]
[Date "1994.??.??"]
[Round "?"]
[White "Lezcano Jaen, Pedro"]
[Black "Gonzalez Aguirre, Luis"]
[Result "1-0"]
[WhiteElo "2320"]
[BlackElo "2230"]

1.Nf3 d5 2.c4 c6 3.b3 Bf5 4.Bb2 Nd7 5.g3 Ngf6 6.Bg2 h6 7.O-O e6 8.d3 Be7
9.Nbd2 Qc7 10.e4 dxe4 11.dxe4 Nxe4 12.Nxe4 Bxe4 13.Bxg7 Rh7 14.Bb2 O-O-O
15.Qe2 Bxf3 16.Qxf3 e5 17.Rad1 f6 18.Qf5 Rg7 19.Bh3 c5 20.Bc1 h5 21.Bh6 Rg4
22.Bxg4 hxg4 23.Qe6 Bf8 24.Bxf8 Rxf8 25.Rd6  1-0

[Event "LAT-ch"]
[Site "?"]
[Date "1994.??.??"]
[Round "10"]
[White "Permiakov, Vladimir"]
[Black "Zhuravliov, Valerij"]
[Result "1/2-1/2"]
[WhiteElo "2200"]
[BlackElo "2455"]

1.Nf3 d5 2.c4 e6 3.g3 c6 4.b3 f5 5.d4 Nf6 6.Bg2 Bd6 7.O-O Qe7 8.Bf4 Bxf4
9.gxf4 O-O 10.e3 Bd7 11.Nbd2 Be8 12.Ne5 Bh5 13.Qc2 Nbd7  1/2-1/2

[Event "Leeuwarden op"]
[Site "Leeuwarden"]
[Date "1994.??.??"]
[Round "5"]
[White "Loeffler, Stefan"]
[Black "Strating, Sybolt"]
[Result "1/2-1/2"]
[WhiteElo "2420"]
[BlackElo "2310"]

1.Nf3 d5 2.c4 c6 3.e3 Nf6 4.Nc3 e6 5.b3 Bd6 6.Bb2 O-O 7.Qc2 Nbd7 8.h3 a6
9.g4 b5 10.g5 Ne8 11.d4 f5 12.Bd3 Rb8 13.c5 Bc7 14.Ne2 Qe7 15.Rc1 g6 16.Nf4 Ng7
17.Be2 e5 18.dxe5 Nxe5 19.Nxe5 Bxe5 20.Bxe5 Qxe5 21.Qc3 Qxc3+ 22.Rxc3 Ne6
23.Nxe6 Bxe6 24.f4 a5 25.Bf3 Kg7 26.Kd2 Rfe8 27.Rcc1 Re7 28.Kd3 Rbe8 29.Kd4 Bg8
30.Rhe1 Kf8 31.h4 Kg7 32.Rc2 Kf8 33.Rh2 Kg7 34.h5 Bf7 35.hxg6 hxg6 36.Rh3 Bg8
37.Bg2 Re6 38.Reh1 R6e7 39.Rd1 Rd8 40.Rd2 Rde8 41.Bh1 Re6 42.Rdh2 R6e7 43.Rg3 Re6  1/2-1/2

[Event "Leeuwarden op"]
[Site "Leeuwarden"]
[Date "1994.??.??"]
[Round "7"]
[White "Loeffler, Stefan"]
[Black "Zagema, Wieb"]
[Result "0-1"]
[WhiteElo "2420"]
[BlackElo "2355"]

1.Nf3 d5 2.c4 e6 3.d4 c5 4.cxd5 exd5 5.Nc3 Nc6 6.g3 Nf6 7.Bg2 Be7 8.O-O O-O
9.Bg5 c4 10.Ne5 Be6 11.b3 Qa5 12.Nxc6 bxc6 13.Bd2 Qb6 14.bxc4 Qxd4 15.cxd5 cxd5
16.e3 Qd3 17.Qe2 Qg6 18.Rfb1 h5 19.Rb7 Bc5 20.Qb5 Rac8 21.Ne2 Ne4 22.Nf4 Qf6
23.Rd1 Nd6 24.Qb2 Nxb7 25.Qxb7 d4 26.Nxh5 Qf5 27.Nf4 Qc2 28.Qf3 dxe3 29.Bxe3 Bxe3
30.fxe3 Rcd8 31.Rd4 Rxd4 32.exd4 Qb1+ 33.Bf1 Bc4 34.d5 Qxf1+ 35.Qxf1 Bxf1
36.Kxf1  0-1

[Event "Lisbon-ch"]
[Site "Lisbon"]
[Date "1994.??.??"]
[Round "2"]
[White "Alexandre, Jorge"]
[Black "Amaral, Nuno"]
[Result "1-0"]
[WhiteElo "2305"]
[BlackElo "2205"]

1.Nf3 d5 2.c4 e6 3.d4 Nf6 4.Bg5 Nbd7 5.e3 c6 6.Bd3 Qa5+ 7.Nbd2 dxc4 8.Bxf6 cxd3
9.Be5 b6 10.O-O Ba6 11.b3 f6 12.Bg3 Be7 13.Nc4 Qh5 14.Qxd3 O-O 15.Rad1 c5
16.d5 e5 17.d6  1-0

[Event "Lisbon-ch"]
[Site "Lisbon"]
[Date "1994.??.??"]
[Round "3"]
[White "Santos, Marco"]
[Black "Alexandre, Jorge"]
[Result "0-1"]
[WhiteElo "2000"]
[BlackElo "2305"]

1.Nf3 d5 2.c4 e6 3.b3 Nf6 4.g3 Be7 5.Bg2 O-O 6.O-O b6 7.Bb2 Bb7 8.e3 dxc4
9.bxc4 c5 10.Nc3 Nc6 11.Qe2 Qd7 12.Rad1 Rad8 13.d3 Qc8 14.Ne1 Rd7 15.f4 Rfd8
16.g4 Ne8 17.g5 Nd6 18.Rf3 f5 19.Rh3 g6 20.Nd5 Ne8 21.Nxe7+ Rxe7 22.Nf3 Red7
23.a3 Qc7 24.Qc2 Ng7 25.Rh6 Qd6 26.h4 Qf8 27.Kf2 Qf7 28.Bf1 Re8 29.Ne5 Nxe5
30.Bxe5 Nh5 31.Be2 Ng7 32.Rg1 Red8 33.Rg3 Nh5 34.Bxh5 Rxd3 35.Be2 Rd2 36.Qc3 Qd7
37.Rg1 Qc6 38.Ke1 Rxe2+  0-1

[Event "Lisbon-ch"]
[Site "Lisbon"]
[Date "1994.??.??"]
[Round "6"]
[White "Santos, Luis"]
[Black "Amaral, Nuno"]
[Result "1/2-1/2"]
[WhiteElo "2380"]
[BlackElo "2205"]

1.Nf3 d5 2.c4 e6 3.d4 c6 4.Qc2 Nf6 5.Bg5 Nbd7 6.e3 Be7 7.Nc3 h6 8.Bh4 O-O
9.Rc1 Re8 10.Bd3 dxc4 11.Bxc4 b5 12.Be2 a6 13.O-O Bb7 14.e4 c5 15.e5 Nh7
16.Bxe7 Qxe7 17.Ne4 Bxe4 18.Qxe4 c4 19.b3 cxb3 20.axb3 Nb6 21.Bd3 Nf8 22.Rc5 Nd5
23.Ra1 Qd7 24.Qe1 Rec8 25.Be4 Qb7 26.b4 Nd7 27.Bxd5 exd5 28.Rxc8+ Rxc8 29.e6 Re8
30.exf7+ Kxf7 31.Qb1 Kg8 32.Qg6 Nf6 33.h3 Rc8 34.Ne5 Rc3 35.Nd3 Ne4 36.Qe8+ Kh7
37.Nc5 Nxc5 38.dxc5 Qc7 39.Qe1 Rc4 40.Rxa6 Qf4 41.Qb1+ Kg8 42.Ra8+ Kf7 43.Ra7+ Kg8
44.Ra8+ Kf7 45.Ra7+ Kg8 46.Ra1 Rxb4  1/2-1/2

[Event "Lisbon-ch"]
[Site "Lisbon"]
[Date "1994.??.??"]
[Round "11"]
[White "Santos, Marco"]
[Black "Nunes, Jose Julio"]
[Result "1-0"]
[WhiteElo "2000"]
[BlackElo "2000"]

1.Nf3 d5 2.c4 c6 3.e3 g6 4.d4 Bg7 5.Be2 Nf6 6.Nc3 O-O 7.O-O b6 8.b4 dxc4
9.Bxc4 Nd5 10.Qb3 Nxc3 11.Qxc3 Ba6 12.Ba3 Bxc4 13.Qxc4 b5 14.Qc3 Qd5 15.Ne5 Rc8
16.Rfc1 f6 17.Nd3 Nd7 18.Bb2 Nb6 19.Qb3 Nc4 20.Rc2 e5 21.Rac1 f5 22.Nxe5 Bxe5
23.dxe5 Rd8 24.Bd4 a5 25.bxa5 Rxa5 26.Qb4 Ra4 27.Qe7 Qd7 28.Qxd7 Rxd7 29.f4 Kf7
30.Kf2 Rd5 31.Ke2 c5 32.Bc3 Ke6 33.h3 Ra7 34.g4 Rad7 35.Kf3 Rd3 36.Re1 Na3
37.Rcc1 R7d5 38.Re2 b4 39.Bb2 Nb5 40.Rec2 Rd2 41.Ba1 Rxc2 42.Rxc2 Na3 43.gxf5+ gxf5
44.Rc1 Kd7 45.Bb2 Nb5 46.Ke2 Kc6 47.Rc4 Nc3+ 48.Bxc3 Kb5 49.e6 Kxc4 50.e7 Kxc3
51.e8=Q c4 52.Ke1 Ra5 53.Qh8+ Kc2 54.Qd4 c3 55.Qd1+ Kb2 56.Qb3+ Ka1 57.Qxb4 c2
58.Kd2 Rxa2 59.Kc1  1-0

[Event "Lloyds Bank op"]
[Site "London"]
[Date "1994.??.??"]
[Round "8"]
[White "Martin, Benjamin"]
[Black "Hunt, Harriet"]
[Result "1/2-1/2"]
[WhiteElo "2355"]
[BlackElo "2225"]

1.Nf3 d5 2.c4 e6 3.b3 Nf6 4.Bb2 c5 5.g3 Be7 6.Bg2 O-O 7.O-O Nc6 8.d3 d4 9.Na3 e5
10.Nc2 Ne8 11.b4 cxb4 12.a3 bxa3 13.Bxa3 Nc7 14.Qd2 Ne6 15.Rfb1 Bxa3 16.Rxa3 Qd6
17.Ra2 Nc5 18.Nb4 Bd7 19.Ng5 Nxb4 20.Qxb4 Bc6 21.Rba1 a6 22.Ra5 Bxg2 23.Rxc5 Bc6
24.Qa5 Qf6 25.f4 exf4 26.Rf1 Qe7 27.Re5 Qd6 28.Ne4 Bxe4 29.Rxe4 fxg3 30.Rff4 gxh2+
31.Kh1 Rae8 32.Rxd4 Qc6+ 33.e4 Qg6 34.Rf1 Qg3 35.Qh5 g6 36.Qxh2 Qxh2+ 37.Kxh2 Rd8
38.Rxd8 Rxd8 39.Rd1 Kf8 40.Kg3 Ke7 41.Kf4 Kd6 42.d4 Rd7 43.e5+ Kc6 44.Kg5 b5
45.d5+ Kc5 46.cxb5 axb5 47.d6 b4 48.Kf6 b3 49.e6 fxe6 50.Kxe6 Rxd6+ 51.Rxd6 b2
52.Rd1 Kc4 53.Kf6 Kc3 54.Rh1 Kd3 55.Rh3+ Kc2 56.Rh2+ Kb3 57.Rxh7  1/2-1/2

[Event "Makarska"]
[Site "Makarska"]
[Date "1994.??.??"]
[Round "?"]
[White "Horvath, Csaba"]
[Black "Kovacevic, Vlatko"]
[Result "1/2-1/2"]
[WhiteElo "2540"]
[BlackElo "2495"]

1.Nf3 d5 2.c4 e6 3.g3 c6 4.Qc2 Nf6 5.Bg2 b5 6.c5 a5 7.d4 Be7 8.Nbd2 O-O 9.O-O Bd7
10.e4 Nxe4 11.Nxe4 dxe4 12.Qxe4 Na6 13.Ne5 Nb4 14.a4 Nd5 15.Bd2  1/2-1/2

[Event "CRO-chT"]
[Site "Makarska"]
[Date "1994.??.??"]
[Round "3"]
[White "Dizdar, Goran"]
[Black "Sulava, Nenad"]
[Result "1/2-1/2"]
[WhiteElo "2500"]
[BlackElo "2400"]

1.Nf3 d5 2.c4 c6 3.d4 Nf6 4.Nc3 e6 5.Bg5 dxc4 6.e4 b5 7.a4 Bb4 8.e5 h6 9.exf6 hxg5
10.fxg7 Rg8 11.h4 g4 12.Ne5 f5 13.h5 Rxg7 14.Be2 c5 15.h6 Rh7 16.Bxg4 Qxd4
17.Qxd4 cxd4 18.Bf3 dxc3 19.O-O-O Nd7 20.Nxd7 Bxd7 21.Bxa8 bxa4 22.Rd4 cxb2+
23.Kxb2 Bc5 24.Rxc4 Bxf2 25.g4 Be3 26.gxf5 Rxh6 27.fxe6 Rxe6 28.Rh8+ Ke7
29.Rh7+ Kd6 30.Re4  1/2-1/2

[Event "CRO-chT"]
[Site "Makarska"]
[Date "1994.??.??"]
[Round "4"]
[White "Lisenko, Alexander V"]
[Black "Dizdarevic, Emir"]
[Result "1/2-1/2"]
[WhiteElo "2415"]
[BlackElo "2515"]

1.Nf3 d5 2.c4 d4 3.d3 Nc6 4.g3 e5 5.a3 a5 6.Bg2 Nf6 7.O-O Be7 8.h3 O-O 9.e4 Nd7
10.Nbd2 a4 11.Qe2 Nc5 12.Ne1 Na5 13.f4 exf4 14.gxf4 f5 15.e5 Ra6 16.Ndf3 b5
17.cxb5 Rb6 18.b4 axb3 19.a4 c6 20.Qb2 cxb5 21.axb5 Rxb5 22.Nxd4 Rb4 23.Rxa5 Rxd4
24.Ra8 Rb4 25.Bd2 Na4 26.Qa3 Qd4+ 27.Kh2 Be6  1/2-1/2